| 000 | 01073nam a2200289 i 4500 | ||
|---|---|---|---|
| 003 | DO-SdBNP | ||
| 005 | 20250424084632.0 | ||
| 007 | ta | ||
| 008 | 190402s2012 cu 000 0 spa d | ||
| 020 | _a9789591107886 | ||
| 040 |
_aDO-SdBNP _bspa _cBNPHU _erda |
||
| 041 | _hspa | ||
| 082 | 4 |
_axxx _bxxx _222 |
|
| 100 | 1 |
_aVázquez García, Humberto, _eautor _4aut. _976044 |
|
| 245 | 1 | 3 |
_aLa expedición de Cayo Confites / _cHumberto Vázquez García ; edición y corrección, Natividad Alfaro Pena |
| 264 | 4 |
_aSantiago de Cuba : _bInstituto Cubano del Libro: _bEditorial Oriente, _c©2012. |
|
| 300 |
_a450 páginas ; _c24 cm. |
||
| 336 |
_atexto _btxt _2rdacontent |
||
| 337 |
_asin mediación _bn _2rdamedia |
||
| 338 |
_avolumen _bnc _2rdacarrier |
||
| 500 | _aIncluye referencias bibliográficas y notas al pie de las páginas | ||
| 500 | _aIncluye datos biográficos del autor en la solapa de la cubierta. | ||
| 590 | _aInventariado, 2025/BT | ||
| 700 | 1 |
_aAlfaro Pena, Natividad, _eeditor y corrector _4ed. y corr. _932624 |
|
| 910 | _aBtavárez | ||
| 942 |
_2ddc _cLBS1 |
||
| 999 |
_c58768 _d58768 |
||